000 00502pab a2200169 454500
008 180718b2010 xxu||||| |||| 00| 0 eng d
100 _aGatune, Julius
245 _aAfrica's development beyond aid: getting out of the box
260 _c2010
300 _ap.103-120.
362 _aNov
650 _aEconomic and social development - africa
650 _aEconomic and social development
773 _aAnnals of the American Academy of Political and Social Science
908 _aN
909 _a90003
999 _c90003
_d90003